01400cpcaa2200313 a 4500001001300000003000400013005001700017008004100034010003100075040002400106072001200130245003900142300001600181300001800197506002200215520040900237546003600646600003800682600001800720600002000738650002700758650002700785651004100812700004700853700005700900700005300957700005901010999001701069mm 78017293 DLC20260227111622.0790327|||||||||||| eng  amm 78017293 bms 67000594  aDLCcDLCdDLCedacs 7aC2lcmd00aCroghan family papers,f1789-1848. a180fitems. a1fcontainer.0 aOpen to research.8 aNotes of land warrants, land surveys, copies of wills, and legal papers of Gen. William Croghan (1752-1823), Virginia planter and soldier who later moved to Kentucky, and his son, Col. George Croghan (1791-1849), a hero in the War of 1812; together with papers of two other sons, Charles Croghan and Dr. John Croghan (1790-1849), and the George Rogers Clark family to whom the Croghan family was related. aCollection material in English.10aClark, George Rogers,d1752-1818.30aClark family.30aCroghan family. 0aLand tenurezKentucky. 0aLand tenurezVirginia. 0aUnited StatesxHistoryyWar of 1812.1 aCroghan, Charles.tCharles Croghan papers.1 aCroghan, George,d1791-1849.tGeorge Croghan papers.1 aCroghan, John,d1790-1849.tJohn Croghan papers.1 aCroghan, William,d1752-1823.tWilliam Croghan papers. c39808d39808